Historia, organización y capacitación

Đã lưu trong:
Chi tiết về thư mục
Tác giả của công ty: Partido Acción Democrática (Venezuela)
Định dạng: Texto
Được phát hành: Caracas: P.A.D.
Các nhãn: Thêm thẻ
Không có thẻ, Là người đầu tiên thẻ bản ghi này!

MARC

LEADER 00000 a a2200000 04500
001 17650
003
040
090 |a 006500  
110 |a Partido Acción Democrática (Venezuela)  
245 |a Historia, organización y capacitación  
260 |a Caracas:   |b P.A.D.  
300 |a 46 p.  
999 |c 10847  |d 10847